000
00314nam a2200121Ia 4500
008
241015s9999 xx 000 0 und d
041
_a
eng
082
_a
330.9 SAU
100
_a
Nathan Saunders
245
_a
Economic Growth And Development
260
_b
States Academic Press
_a
USA
_c
2022
300
_a
234;. P. 27 cm
999
_c
41565
_d
41565